Statistics for Three Biggest Cities in Each American Country on a Map

Click here to take the quiz!

General Stats

  • This quiz has been taken 209 times
    (153 since last reset)
  • The average score is 59 of 105

Answers on the Map

Answers color-coded by a green-red scale on the quiz's map according to % correct below.
 

Answer Stats

CountryPopulationCity% Correct
12,988,408Toronto
100%
18,843,706Mexico City
99%
21,821,070Montreal
99%
32,693,976Chicago
98%
12,132,394Havana
98%
18,336,817New York City
98%
26,747,820Rio de Janeiro
98%
112,214,440São Paulo
98%
17,715,800Bogotá
97%
32,950,600Brasília
97%
19,674,755Lima
97%
23,979,576Los Angeles
97%
1880,691Panama City
97%
15,507,282Santiago
97%
2433,406Santiago de Cuba
97%
21,329,091Santiago de los Caballeros
97%
13,072,029Buenos Aires
96%
12,245,744Caracas
96%
3758,845La Paz
96%
1923,392Guatemala City
95%
22,011,388Quito
95%
11,304,687Montevideo
94%
1987,310Port-au-Prince
94%
1288,054San José
94%
31,361,852Calgary
93%
1584,627Kingston
93%
212,961Kingstown
93%
1521,600Asuncion
92%
1274,400Nassau
92%
21,810,645Tijuana
92%
37,049Georgetown
91%
1118,369Georgetown
91%
12,987,013Santo Domingo
91%
11,041,145Managua
90%
1570,459San Salvador
90%
22,569,007Medellín
88%
11,092,960Tegucigalpa
88%
32,205,700Cali
86%
21,414,201Córdoba
85%
1240,924Paramaribo
85%
337,074Port of Spain
85%
12,698,077Guayaquil
84%
225,583Belmopan
82%
165,173Belize City
81%
120,000Castries
81%
122,219Saint John's
81%
114,000Basseterre
78%
15,996Bridgetown
78%
114,725Roseau
77%
21,752,602Maracaibo
75%
3948,312Rosario
74%
17,500Saint George's
74%
11,614,224Santa Cruz de la Sierra
74%
3936,071Valencia
62%
2671,460San Pedro Sula
57%
31,008,290Arequipa
50%
2173,866Leon
47%
2374,830Santa Ana
36%
3310,182Camagüey
32%
2104,011Salto
32%
2304,300Ciudad del Este
31%
228,000Freeport
31%
2846,880El Alto
30%
2511,345Carrefour
29%
21,129,854Callao
28%
31,643,623Ecatepec de Morelos
28%
3147,152Spanish Town
27%
2463,019Mixco
25%
2182,153Portmore
23%
2375,409San Miguelito
22%
183,516Chaguanas
21%
3329,928Cuenca
21%
3426,316Villa Nueva
20%
23,412All Saints
19%
3202,000Choloma
19%
3260,200Luque
19%
2610,118Puente Alto
19%
248,838San Fernando
19%
323,582San Ignacio
19%
3701,847Santo Domingo Oeste
19%
3290,412Soyapango
19%
2254,886Alajuela
18%
317,329New Amsterdam
18%
395,176Ciudad de la Costa
17%
35,728Marsh Harbour
17%
24,167Portsmouth
17%
3141,045Tipitapa
17%
3161,470La Chorrera
16%
218,663Lelydorp
15%
228,674Linden
15%
23,140Sandy Point
15%
32,500Cayon
14%
3395,260Delmas
14%
3208,411Desamparados
14%
32,239Liberta
14%
3468,390Maipú
14%
23,634Speightstown
14%
32,285Oistins
13%
33,324Canefield
11%
23,378Gouyave
11%
32,476Grenville
11%
123,908Calliaqua
10%
35,138Babonneau
8%
314,662Brokopondo
7%
27,119Bexon
6%

Score Distribution

Percentile by Number Answered

Percent of People with Each Score

Your Score History

You have not taken this quiz since the last reset